000 00877cas a22002897a 4500
005 20220329142324.0
008 000622u sv mr pernn 0 b1spa d
010 _a81703
011 _a82675
035 _a93176
245 0 0 _aCrédito Rural
260 0 _aEl Salvador :
_bFederación de Cajas de Crédito,
_c19-
300 _av.
310 _aMensual
362 _an.222, 1970
590 _aBATCH-UPD
_b10
_c20130110
_lUCH01
_h0544
590 _aBATCH-UPD
_b10
_c20130410
_lUCH01
_h0225
590 _aBATCH-UPD
_b10
_c20130914
_lUCH01
_h1102
590 _aCONVERSION
_b10
_c20130109
_lUCH01
_h1345
650 1 4 _aCrédito agrícola
_xPublicaciones periódicas.
_929073
866 _an.128-185 (1963-1967)
866 _an.187-190 (1968)
866 _an.192-210 (1968-1969)
866 _an.212-222 (1970)
901 _aSE
905 _aLilia Sánchez G.
999 _c81703
_d81703